000 01216cam a22001934a 4500
005 20250605164400.0
008 250528s ||||||||||||||||||||||||d
035 _a24560
040 _aGR-AtMCL
_bgre
_dGR-AtMCL
_eAACR2
245 1 _aΚεφάλαια Γεωλογίας Μηχανικού I / Βοήθημα για τις Ασκήσεις - Γεωμορφολογία και Τοπογραφικοί Χάρτες - Γωλογικές Δομές και Γεωλογικοί Χάρτες
260 _aΑθήνα
_bΕ.Μ. Πολυτεχνείο,
_c1992
300 _a110
520 _aΓενικά, Ο Τοπογραφικός Χάρτης, Η Ανάγνωση του Χάρτη, Χρήση Τοπογραφικού Χάρτη στο Ύπαιθρο, Τοπογραφικοί Χάρτες και Γεωμορφολογική και Γεωλογική Πληροφόρηση, Οριζόντια Στρώματα, Κεκλιμένα Στρώματα, Πάχος Στρωμάτων, Πρόβλημα Τριών Σημείων, Ασυμφωνίες, Ρήγματα, Πτυχές.
700 1 _aΔιαμαντή Ι
_99476
700 1 _aΜαρίνος Π
_99477
942 _cBK
999 _c9434
_d9434